000 00504nam a2200181Ia 4500
005 20250508162333.0
008 008 250505s9999 xx 000 0 eng d
037 _aTextual
040 _aFEDL
_beng
_cFEDL
041 _aeng
_2eng
084 _a155.5, ADE
_qFEDL
100 _aAdelson Joseph Ed.
245 0 _aHandbook of adolescent psychology
260 _aNew York, USA
_bJohn Wiley and Sons
_c1980
300 _axiv,624p.
942 _cTEXL
_h155.5, ADE
999 _c1375916
_d1375916